| 000 | 00850 a2200229 4500 | ||
|---|---|---|---|
| 020 | _a0749442751 | ||
| 020 | _a9780749442750 | ||
| 082 | 0 | 4 | _a658.404 |
| 090 |
_c3461 _d3461 |
||
| 100 | 1 | _aWell-Stam, D. van. | |
| 245 | 1 | 0 |
_aProject risk management : _ban essential tool for managing and controlling projects / _cD. van Well-Stam. |
| 260 |
_a[S.l.] : _bKogan Page, _c2004. |
||
| 300 |
_a180 p. ; _c24 cm. |
||
| 500 | _aPaperback. | ||
| 520 | _a* A practical and concise approach to analyzing and managing risk in projects. | ||
| 700 | 1 | _aLindenaar, F. | |
| 700 | 1 | _aKinderen, S. van. | |
| 700 | 1 | _aBunt, B.P. van den. | |
| 856 | 4 | 0 |
_3Amazon.com _uhttp://www.amazon.com/exec/obidos/ASIN/0749442751/chopaconline-20 |
| 856 | 4 | 0 |
_3Amazon customer reviews _uhttp://www.chopac.org/cgi-bin/tools/azrev.pl?q=0749442751 |
| 942 |
_aNBS _cBK _k658.404 STA |
||
| 999 |
_c345939 _d345939 |
||